[Event "Minsk Open 2010"]
[Site "?"]
[Date "2010.08.09"]
[Round "6.7"]
[White "Lomako, Pavel"]
[Black "Leontiev, Aleksandr V"]
[Result "1/2-1/2"]
[WhiteElo "2431"]
[BlackElo "2304"]
[PlyCount "23"]
[EventDate "2010.08.04"]
[SourceDate "2010.08.04"]

1. d4 Nf6 2. Nf3 g6 3. g3 Bg7 4. Bg2 O-O 5. O-O d5 6. c3 Ne4 7. Ng5 Nxg5 8.
Bxg5 c6 9. Nd2 f6 10. Be3 Be6 11. f4 Qd7 12. Bf2 1/2-1/2

[Event "Minsk Open 2010"]
[Site "?"]
[Date "2010.08.09"]
[Round "6.8"]
[White "Lutsko, Igor"]
[Black "Bykov, Alexey"]
[Result "1/2-1/2"]
[WhiteElo "2421"]
[BlackElo "2257"]
[PlyCount "98"]
[EventDate "2010.08.04"]
[SourceDate "2010.08.04"]

1. c4 e6 2. Nc3 d5 3. d4 Nf6 4. Bg5 Be7 5. e3 h6 6. Bh4 O-O 7. Nf3 b6 8. Bd3
Bb7 9. O-O Nbd7 10. Bg3 c5 11. cxd5 Nxd5 12. Qe2 cxd4 13. Nxd5 Bxd5 14. Nxd4
Nc5 15. Bc2 Ne4 16. Bxe4 Bxe4 17. Rfd1 Qe8 18. Nb5 Rd8 19. Rxd8 Qxd8 20. Rd1
Qa8 21. Rd7 Bf6 22. Rxa7 Qc6 23. f3 Qc1+ 24. Kf2 Bd5 25. b3 e5 26. Rc7 Qa1 27.
Qd2 Ra8 28. Na7 e4 29. Rc1 Qb2 30. Rc2 Qb1 31. Rc1 Qd3 32. Qxd3 exd3 33. Rc8+
Rxc8 34. Nxc8 b5 35. Ke1 Bc3+ 36. Kd1 Kf8 37. Be1 Be5 38. Na7 Bxh2 39. Nxb5 Be5
40. Kd2 Bc6 41. Na3 Bd6 42. Nc4 Bb4+ 43. Kd1 Bc5 44. Bg3 Ke7 45. Kd2 f5 46.
Kxd3 g5 47. a4 h5 48. Be1 Bd7 49. Nb2 h4 1/2-1/2

[Event "Minsk Open 2010"]
[Site "?"]
[Date "2010.08.09"]
[Round "6.10"]
[White "Zaiatz, Elena"]
[Black "Sharevich, Anna"]
[Result "1/2-1/2"]
[WhiteElo "2398"]
[BlackElo "2253"]
[PlyCount "160"]
[EventDate "2010.08.04"]
[SourceDate "2010.08.04"]

1. d4 d5 2. c4 e6 3. Nc3 Nf6 4. Nf3 Be7 5. Qc2 O-O 6. Bg5 h6 7. Bxf6 Bxf6 8.
O-O-O c5 9. dxc5 Qa5 10. cxd5 exd5 11. Nxd5 Na6 12. e3 Nb4 13. Nxb4 Qxb4 14. a3
Qa5 15. Bc4 b5 16. Bd5 Rb8 17. Nd4 Bd7 18. b4 Qxa3+ 19. Qb2 Qa6 20. Rd3 Qc8 21.
Ra3 Be6 22. Bxe6 fxe6 23. Rxa7 Ra8 24. Rxa8 Qxa8 25. f3 Qd5 26. Qb3 Qxb3 27.
Nxb3 Bc3 28. Kc2 Bxb4 29. Kd3 Kf7 30. Ra1 Rc8 31. Kd4 Kf6 32. g4 Rd8+ 33. Ke4
Rd5 34. Rc1 Re5+ 35. Kd3 Rd5+ 36. Ke2 Rd8 37. h4 g5 38. h5 Rc8 39. Ra1 Rc7 40.
Rc1 Ba3 41. Rc2 Ke5 42. c6 Bd6 43. Nd4 b4 44. Kd3 Rc8 45. Ra2 Bc5 46. Ra5 Kd6
47. Nb3 Bb6 48. Rb5 Rxc6 49. Rxb4 Ke5 50. Rb5+ Kf6 51. Nd2 e5 52. Nc4 Bc7 53.
Rb7 Ke6 54. Ra7 Bd6 55. Nxd6 Rxd6+ 56. Ke4 Rb6 57. Rh7 Rb4+ 58. Kd3 Rb3+ 59.
Ke2 Rb2+ 60. Kf1 e4 61. Rxh6+ Ke5 62. Rh8 exf3 63. Re8+ Kd5 64. Re7 Rh2 65. h6
Rxh6 66. Kf2 Rf6 67. Rg7 Ke4 68. Re7+ Kd5 69. Re8 Rf7 70. Ra8 Ke4 71. Ra4+ Ke5
72. Ra8 Ke4 73. Re8+ Kd5 74. e4+ Kd4 75. e5 Ke4 76. e6 Ra7 77. e7 Ra2+ 78. Kg3
Ra7 79. Rf8 Rxe7 80. Rxf3 Re5 1/2-1/2

[Event "Minsk Open 2010"]
[Site "?"]
[Date "2010.08.09"]
[Round "6.11"]
[White "Belyakov, Bogdan"]
[Black "Zamruk, Aleksandar"]
[Result "1-0"]
[WhiteElo "2225"]
[BlackElo "2394"]
[PlyCount "117"]
[EventDate "2010.08.04"]
[SourceDate "2010.08.04"]

1. e4 c6 2. d4 d5 3. Nc3 dxe4 4. Nxe4 Bf5 5. Ng3 Bg6 6. f4 e6 7. Nf3 Nd7 8. h4
h6 9. h5 Bh7 10. Bd3 Bxd3 11. Qxd3 Ngf6 12. Bd2 Qc7 13. O-O-O c5 14. Kb1 O-O-O
15. Qe2 Nd5 16. Ne4 Be7 17. g3 Rhe8 18. c4 N5f6 19. Nc3 cxd4 20. Nb5 Qb6 21.
Qe1 Qa6 22. Bb4 Nd5 23. Bxe7 Nxe7 24. Nfxd4 Kb8 25. Qb4 Nf6 26. c5 Nc6 27.
Nxc6+ Qxc6 28. Qa5 Rxd1+ 29. Rxd1 Qxc5 30. Rd8+ Rxd8 31. Qxd8+ Qc8 32. Qd6+ Ka8
33. Nc7+ Kb8 34. Na6+ Ka8 35. Nc7+ Kb8 36. Nxe6+ Ka8 37. Nc7+ Kb8 38. Na6+ Ka8
39. Nc7+ Kb8 40. Nd5+ Ka8 41. Nxf6 gxf6 42. Qxf6 a6 43. Qxf7 Qc6 44. a3 a5 45.
f5 a4 46. Ka2 Ka7 47. Qe6 Qf3 48. f6 Qxg3 49. Qd5 Qf4 50. f7 Ka6 51. Kb1 Qf1+
52. Kc2 Qe2+ 53. Kc3 Qe1+ 54. Kd3 Qb1+ 55. Ke3 Qe1+ 56. Kd4 Qf2+ 57. Ke5 b6 58.
Qa8+ Kb5 59. Qe8+ 1-0

[Event "Minsk Open 2010"]
[Site "?"]
[Date "2010.08.09"]
[Round "6.13"]
[White "Kolesnik, Eduard"]
[Black "Grib, Roman"]
[Result "1-0"]
[WhiteElo "2351"]
[BlackElo "2219"]
[PlyCount "61"]
[EventDate "2010.08.04"]
[SourceDate "2010.08.04"]

1. e4 c5 2. Nf3 d6 3. d4 cxd4 4. Nxd4 Nf6 5. Nc3 g6 6. Be3 Bg7 7. f3 O-O 8. Qd2
Nc6 9. O-O-O d5 10. Nxc6 bxc6 11. Bh6 Bxh6 12. Qxh6 Qb6 13. e5 Nd7 14. h4 Nxe5
15. h5 Bf5 16. g4 f6 17. Qf4 Rab8 18. b3 g5 19. Qxf5 Qe3+ 20. Kb2 Rf7 21. Ba6
e6 22. Rd3 exf5 23. Rxe3 d4 24. Re2 dxc3+ 25. Kxc3 fxg4 26. fxg4 Nxg4 27. Bc4
Ne5 28. Bxf7+ Kxf7 29. Rd1 g4 30. Rd6 g3 31. Rg2 1-0

[Event "Minsk Open 2010"]
[Site "?"]
[Date "2010.08.09"]
[Round "6.17"]
[White "Kholopov, Alexander A"]
[Black "Chernikova, Svetlana"]
[Result "1/2-1/2"]
[WhiteElo "2315"]
[BlackElo "2090"]
[PlyCount "52"]
[EventDate "2010.08.04"]
[SourceDate "2010.08.04"]

1. d4 Nf6 2. c4 g6 3. Nc3 Bg7 4. e4 d6 5. f4 O-O 6. Nf3 c5 7. d5 e6 8. Be2 exd5
9. cxd5 b5 10. e5 Nfd7 11. Bxb5 dxe5 12. O-O Bb7 13. Re1 exf4 14. Bxf4 a6 15.
Bf1 Nb6 16. Bg5 f6 17. Be3 N8d7 18. Qb3 Rb8 19. Rad1 Kh8 20. Bf4 Ne5 21. Nxe5
fxe5 22. Bg3 Qc7 23. a4 c4 24. Qa3 Rbd8 25. d6 Qc6 26. Rd2 Nd7 1/2-1/2

[Event "Minsk Open 2010"]
[Site "?"]
[Date "2010.08.09"]
[Round "6.18"]
[White "Filipets, Egor"]
[Black "Omariev, Maksim"]
[Result "0-1"]
[WhiteElo "2072"]
[BlackElo "2311"]
[PlyCount "46"]
[EventDate "2010.08.04"]
[SourceDate "2010.08.04"]

1. c4 e5 2. Nc3 Nf6 3. a3 d5 4. cxd5 Nxd5 5. Nf3 Nc6 6. e4 Nxc3 7. bxc3 Bd6 8.
Bb5 Bd7 9. O-O O-O 10. d4 Qe8 11. Qd3 a6 12. Bc4 Na5 13. Ba2 exd4 14. e5 Be7
15. Bb1 g6 16. Bh6 Bb5 17. Qe4 Bxf1 18. Ng5 Nb3 19. Ba2 Nxa1 20. e6 Bxg5 21.
Bxg5 fxe6 22. Bxe6+ Rf7 23. h4 Bc4 0-1

[Event "Minsk Open 2010"]
[Site "?"]
[Date "2010.08.09"]
[Round "6.19"]
[White "Davidchik, Alexandr"]
[Black "Litvinov, Vladimir"]
[Result "1/2-1/2"]
[WhiteElo "1977"]
[BlackElo "2277"]
[PlyCount "39"]
[EventDate "2010.08.04"]
[SourceDate "2010.08.04"]

1. d4 Nf6 2. c4 e6 3. Nc3 Bb4 4. e3 O-O 5. Bd3 d5 6. Nge2 c5 7. cxd5 cxd4 8.
exd4 Nxd5 9. O-O Nc6 10. Qc2 Nf6 11. Rd1 Be7 12. a3 Bd7 13. d5 exd5 14. Nxd5 h6
15. Nxe7+ Qxe7 16. Bd2 Bg4 17. Bc3 Rfe8 18. Re1 Rad8 19. h3 Bc8 20. Rad1
1/2-1/2

[Event "Minsk Open 2010"]
[Site "?"]
[Date "2010.08.09"]
[Round "6.20"]
[White "Kocheev, Aleksandr"]
[Black "Polovkov, Valery"]
[Result "1-0"]
[WhiteElo "2259"]
[BlackElo "2062"]
[PlyCount "112"]
[EventDate "2010.08.04"]
[SourceDate "2010.08.04"]

1. e4 d6 2. d4 Nf6 3. Nc3 g6 4. Bg5 Bg7 5. e5 Nfd7 6. exd6 cxd6 7. Nf3 O-O 8.
Bc4 Nf6 9. h3 a6 10. a4 Nc6 11. O-O Bd7 12. Re1 Rc8 13. Bf4 Qa5 14. Qd2 Rfe8
15. Ng5 d5 16. Nxd5 Nxd5 17. Qxa5 Nxa5 18. Bxd5 e6 19. Be4 f5 20. Bd3 Bxd4 21.
c3 Bf6 22. Nf3 Nc4 23. Re2 Nxb2 24. Rxb2 Rxc3 25. Ne1 Rc5 26. Rxb7 Bxa1 27.
Rxd7 a5 28. Bb5 Rec8 29. Re7 e5 30. Bd2 Ra8 31. Be3 Rcc8 32. Bd7 Rd8 33. Nf3 e4
34. Ng5 h6 35. Be6+ Kf8 36. Rf7+ Ke8 37. Nh7 Ra6 38. Rf8+ Ke7 39. Bc5+ Kxe6 40.
Rxd8 Rc6 41. Nf8+ Kf7 42. Rd7+ Kg8 43. Bd6 g5 44. Ng6 Rc1+ 45. Kh2 Rd1 46. g3
Rd2 47. g4 f4 48. Kg2 Bd4 49. Ne7+ Kf7 50. Nf5+ Ke6 51. Re7+ Kd5 52. Nxd4 Rxd4
53. Bc7 Rxa4 54. Re5+ Kd4 55. Rxa5 Rc4 56. Bb8 Kd3 1-0

[Event "Minsk Open 2010"]
[Site "?"]
[Date "2010.08.10"]
[Round "7.3"]
[White "Zhigalko, Andrey"]
[Black "Bogachkov, Igor"]
[Result "1-0"]
[WhiteElo "2591"]
[BlackElo "2347"]
[PlyCount "55"]
[EventDate "2010.08.04"]
[SourceDate "2010.08.04"]

1. d4 Nf6 2. c4 g6 3. Nc3 Bg7 4. e4 d6 5. h3 O-O 6. Nf3 Na6 7. Bg5 Qe8 8. g4 e5
9. d5 Kh8 10. a3 Ng8 11. b4 f5 12. gxf5 gxf5 13. Bd3 Qh5 14. Be3 c5 15. dxc6
bxc6 16. exf5 Nc7 17. Ng5 Qxd1+ 18. Rxd1 d5 19. Bc5 Rf6 20. cxd5 cxd5 21. Nxd5
Nxd5 22. Be4 Nc7 23. Bxa8 Nxa8 24. Rd8 Bb7 25. Rg1 Bc6 26. Ne6 Rf7 27. f6 Rxf6
28. Rxg7 1-0

[Event "Minsk Open 2010"]
[Site "?"]
[Date "2010.08.10"]
[Round "7.5"]
[White "Prizant, Jaroslav"]
[Black "Bakin, Alexander"]
[Result "1-0"]
[WhiteElo "2489"]
[BlackElo "2247"]
[PlyCount "63"]
[EventDate "2010.08.04"]
[SourceDate "2010.08.04"]

1. d4 Nf6 2. c4 e6 3. Nc3 c5 4. d5 exd5 5. cxd5 d6 6. e4 g6 7. f4 Bg7 8. Bb5+
Nfd7 9. Be2 Qh4+ 10. g3 Qe7 11. Nf3 a6 12. a4 O-O 13. O-O Nf6 14. e5 Ne8 15.
Re1 Bg4 16. Ng5 Bxe2 17. Qxe2 h6 18. Nf3 Kh7 19. a5 Nd7 20. e6 Ndf6 21. f5 g5
22. Ra4 Kg8 23. h4 g4 24. Nh2 Nc7 25. Nxg4 fxe6 26. dxe6 Nxg4 27. Qxg4 Qf6 28.
Rf1 Kh8 29. Ne4 Qe5 30. Qg6 d5 31. f6 Rxf6 32. Nxf6 1-0

[Event "Minsk Open 2010"]
[Site "?"]
[Date "2010.08.10"]
[Round "7.6"]
[White "Tihonov, Jurij"]
[Black "Belyakov, Bogdan"]
[Result "1-0"]
[WhiteElo "2469"]
[BlackElo "2225"]
[PlyCount "81"]
[EventDate "2010.08.04"]
[SourceDate "2010.08.04"]

1. d4 Nf6 2. c4 g6 3. Nc3 Bg7 4. e4 O-O 5. h3 d6 6. Bg5 Na6 7. Bd3 h6 8. Be3 e5
9. d5 Nh5 10. g3 Nc5 11. Be2 Nf6 12. Qc2 a5 13. Nf3 Qe8 14. g4 Bd7 15. Nd2 c6
16. f3 Rc8 17. a3 cxd5 18. cxd5 b5 19. Qb1 b4 20. axb4 axb4 21. Na2 Bb5 22.
Nxb4 Bxe2 23. Kxe2 Qb5+ 24. Nd3 Nfd7 25. Rc1 f5 26. b4 fxe4 27. fxe4 Nxd3 28.
Qxd3 Qxb4 29. Rcb1 Qc3 30. Qxc3 Rxc3 31. Ra6 Nc5 32. Rxd6 Nd3 33. Rxg6 Nf4+ 34.
Bxf4 exf4 35. Rb3 f3+ 36. Kf2 Rc2 37. Rd3 Ra2 38. e5 h5 39. d6 hxg4 40. Rxg4
Kf7 41. e6+ 1-0

[Event "Minsk Open 2010"]
[Site "?"]
[Date "2010.08.10"]
[Round "7.7"]
[White "Meribanov, Vitaly"]
[Black "Glidzhain, Gor"]
[Result "0-1"]
[WhiteElo "2171"]
[BlackElo "2369"]
[PlyCount "106"]
[EventDate "2010.08.04"]
[SourceDate "2010.08.04"]

1. e4 c5 2. Nf3 d6 3. d4 cxd4 4. Nxd4 Nf6 5. Nc3 a6 6. Be2 e5 7. Nb3 Be7 8. O-O
O-O 9. Kh1 b5 10. a4 b4 11. Nd5 Nxd5 12. Qxd5 Ra7 13. Be3 Be6 14. Qd2 Rd7 15.
Qxb4 Qc8 16. Rfc1 Rfd8 17. Qe1 d5 18. exd5 Bxd5 19. Qf1 Rb7 20. a5 Rb4 21. f3
Rd7 22. Bd3 Rc7 23. Bd2 Rh4 24. Be1 Rh5 25. Bg3 Bd6 26. Nd2 f5 27. b3 Qe6 28.
c4 Qg6 29. Qe1 e4 30. Bxd6 Qxd6 31. Nf1 Bc6 32. Be2 Re7 33. fxe4 Rg5 34. Qf2
Bxe4 35. Bf3 Nc6 36. Bxe4 fxe4 37. Ne3 Rh5 38. h3 Rf7 39. Qe2 Rf3 40. Rf1 Nd4
41. Qd2 Rhxh3+ 42. gxh3 Rxh3+ 43. Kg1 Qg3+ 44. Ng2 Qh2+ 45. Kf2 e3+ 46. Qxe3
Rxe3 47. Kxe3 Nc2+ 48. Kf2 Nxa1 49. Rxa1 h5 50. Re1 h4 51. Kf1 h3 52. Ne3 Qg3
53. Ke2 Qxe1+ 0-1

[Event "Minsk Open 2010"]
[Site "?"]
[Date "2010.08.10"]
[Round "7.8"]
[White "Smirnov, Valerij"]
[Black "Harshkou, Mikita"]
[Result "1/2-1/2"]
[WhiteElo "2361"]
[BlackElo "2175"]
[PlyCount "142"]
[EventDate "2010.08.04"]
[SourceDate "2010.08.04"]

1. d4 e6 2. Nf3 f5 3. g3 Nf6 4. Bg2 d6 5. c4 Be7 6. O-O O-O 7. b3 Ne4 8. Bb2
Bf6 9. Nc3 Nc6 10. e3 Nxc3 11. Bxc3 a5 12. Qd2 Qe8 13. d5 Nd8 14. Nd4 a4 15.
dxe6 Nxe6 16. Nxe6 Bxe6 17. Bxf6 Rxf6 18. Bxb7 Rb8 19. Bd5 Bxd5 20. Qxd5+ Qe6
21. bxa4 Rb4 22. Rfc1 c5 23. Qc6 Rxc4 24. Rxc4 Qxc4 25. Rb1 h6 26. Rb8+ Kh7 27.
Rb7 Qd3 28. a5 f4 29. Qf3 c4 30. Qg4 Rg6 31. Qxf4 c3 32. Rc7 Qd1+ 33. Kg2 Qd5+
34. Qf3 Qxa5 35. Qc6 Qxa2 36. Qxc3 Qd5+ 37. f3 Qd1 38. Qc2 Qd5 39. Rc4 h5 40.
Qe4 Qxe4 41. Rxe4 Rf6 42. Rd4 g6 43. h4 Kg7 44. e4 Kf7 45. Ra4 Ke6 46. Ra6 Rf8
47. f4 Ke7 48. Ra7+ Kf6 49. Ra6 Ke7 50. Ra5 Kf6 51. Rg5 Ra8 52. f5 gxf5 53.
exf5 Rh8 54. Kf3 Ke5 55. g4 hxg4+ 56. Kxg4 d5 57. Rg7 Kf6 58. Rg6+ Kf7 59. Rd6
Rg8+ 60. Kf4 Rh8 61. Kg5 Rg8+ 62. Kf4 Rh8 63. Rxd5 Rxh4+ 64. Kg5 Ra4 65. Rd7+
Ke8 66. Rg7 Kf8 67. Rg6 Kf7 68. Rf6+ Kg7 69. Rb6 Ra7 70. Rh6 Ra1 71. f6+ Kf7
1/2-1/2

[Event "Minsk Open 2010"]
[Site "?"]
[Date "2010.08.10"]
[Round "7.9"]
[White "Kocheev, Aleksandr"]
[Black "Teterev, Vitaly"]
[Result "1/2-1/2"]
[WhiteElo "2259"]
[BlackElo "2520"]
[PlyCount "61"]
[EventDate "2010.08.04"]
[SourceDate "2010.08.04"]

1. e4 c5 2. Nf3 d6 3. c3 Nf6 4. Be2 Nbd7 5. Qa4 e6 6. O-O Be7 7. Re1 O-O 8. Bf1
Qc7 9. Qd1 b6 10. d4 Bb7 11. Bd3 a6 12. Bg5 h6 13. Bh4 e5 14. Nbd2 Rfe8 15. a4
cxd4 16. cxd4 exd4 17. Rc1 Qd8 18. Nxd4 Nc5 19. Bb1 Nfxe4 20. Bxe7 Rxe7 21. b4
Nxd2 22. Qxd2 Ne4 23. Qf4 Nc3 24. Bd3 Nd5 25. Qg4 Nxb4 26. Bf1 Rxe1 27. Rxe1
Qf6 28. Nf5 Nc6 29. Qe4 Rb8 30. Qd5 Rd8 31. Ne7+ 1/2-1/2

[Event "Minsk Open 2010"]
[Site "?"]
[Date "2010.08.10"]
[Round "7.12"]
[White "Mochalov, Evgeny V"]
[Black "Cherepov, Alexej"]
[Result "1/2-1/2"]
[WhiteElo "2408"]
[BlackElo "2238"]
[PlyCount "199"]
[EventDate "2010.08.04"]
[SourceDate "2010.08.04"]

1. c4 Nf6 2. Nc3 c5 3. g3 d5 4. cxd5 Nxd5 5. Bg2 Nc7 6. d3 e5 7. f4 exf4 8.
Bxf4 Be7 9. Nf3 O-O 10. O-O Be6 11. Rc1 Nd5 12. a3 h6 13. Bd2 Nxc3 14. Bxc3 Nc6
15. Qa4 Qd7 16. b4 a6 17. Kh1 cxb4 18. axb4 Nxb4 19. Qxd7 Bxd7 20. Bxb4 Bxb4
21. Ne5 Be6 22. Bxb7 Ra7 23. Bg2 Bd6 24. Nc6 Rc7 25. Ra1 Bc8 26. d4 Re8 27. Ra2
Bb7 28. d5 g6 29. Rb1 f5 30. Bf3 Kf7 31. Rab2 Bxc6 32. dxc6 a5 33. Rb7 Ke6 34.
R1b5 Ra8 35. e4 fxe4 36. Bxe4 a4 37. Rb8 Rxb8 38. Rxb8 Ke5 39. Re8+ Be7 40.
Bxg6 Rxc6 41. Rxe7+ Kf6 42. Ra7 Kxg6 43. Rxa4 Rc2 44. Kg1 Kg5 45. Rf4 h5 46. h3
Rb2 47. Rf2 Rb1+ 48. Kg2 Rb3 49. Rd2 Ra3 50. Re2 Rb3 51. Re5+ Kg6 52. Re4 Kg5
53. Kf2 Ra3 54. Re3 Ra2+ 55. Kf3 Ra4 56. Re5+ Kg6 57. h4 Ra3+ 58. Kf4 Ra4+ 59.
Re4 Ra6 60. Rd4 Rf6+ 61. Ke4 Re6+ 62. Kf3 Rf6+ 63. Rf4 Ra6 64. Re4 Rf6+ 65. Ke3
Ra6 66. Re8 Ra3+ 67. Kf4 Ra4+ 68. Re4 Ra6 69. Rc4 Rf6+ 70. Ke4 Re6+ 71. Kd4 Rf6
72. Rc3 Rd6+ 73. Ke5 Ra6 74. Rc5 Rb6 75. Ra5 Rc6 76. Kd4 Rd6+ 77. Ke5 Rb6 78.
Rd5 Ra6 79. Rb5 Rc6 80. Rb8 Rc5+ 81. Kd4 Rc6 82. Rg8+ Kh6 83. Re8 Ra6 84. Ke5
Ra3 85. Re6+ Kg7 86. Kf4 Ra4+ 87. Re4 Ra3 88. Re5 Kg6 89. Re6+ Kg7 90. Re3 Ra4+
91. Re4 Ra3 92. Re5 Kg6 93. Re6+ Kg7 94. Rd6 Ra4+ 95. Kf5 Ra5+ 96. Kf4 Ra4+ 97.
Kf5 Ra5+ 98. Ke4 Ra4+ 99. Ke5 Ra5+ 100. Kf4 1/2-1/2

[Event "Minsk Open 2010"]
[Site "?"]
[Date "2010.08.10"]
[Round "7.13"]
[White "Ulasevich, Sergei"]
[Black "Zaiatz, Elena"]
[Result "1/2-1/2"]
[WhiteElo "2157"]
[BlackElo "2398"]
[PlyCount "120"]
[EventDate "2010.08.04"]
[SourceDate "2010.08.04"]

1. e4 e5 2. Nf3 Nc6 3. Nc3 Nf6 4. d4 exd4 5. Nxd4 Bb4 6. Nxc6 bxc6 7. Bd3 d5 8.
exd5 cxd5 9. O-O O-O 10. Bg5 c6 11. Qf3 Be7 12. Rae1 Re8 13. h3 h6 14. Bf4 Be6
15. Ne2 Bd6 16. Nd4 Bxf4 17. Qxf4 Qb8 18. Qxb8 Raxb8 19. Nxe6 Rxe6 20. Rxe6
fxe6 21. Re1 Kf7 22. b3 a5 23. f4 Nd7 24. Kf2 Rf8 25. g4 Ke7 26. Ke3 Kd6 27. h4
e5 28. fxe5+ Nxe5 29. Be2 g5 30. hxg5 hxg5 31. Rh1 Rf4 32. Rh5 Nxg4+ 33. Kd2
Nf6 34. Rxg5 Ne4+ 35. Ke3 Rh4 36. Rg6+ Kc5 37. Bg4 Kb4 38. Bf5 c5 39. Bxe4
Rxe4+ 40. Kd2 Rd4+ 41. Kc1 c4 42. Rb6+ Kc5 43. Rb8 Rh4 44. Kb2 Rh3 45. Rc8+ Kd4
46. bxc4 dxc4 47. c3+ Kd5 48. Ra8 Rh2+ 49. Ka3 Ke4 50. Rd8 Rc2 51. Rd4+ Ke3 52.
Rxc4 Kd3 53. Rd4+ Kxc3 54. Rd5 Kc4 55. Rxa5 Rc3+ 56. Ka4 Rh3 57. Ra8 Kc5 58.
Rb8 Kc6 59. Kb4 Rh2 60. Kb3 Rh7 1/2-1/2

[Event "Minsk Open 2010"]
[Site "?"]
[Date "2010.08.10"]
[Round "7.15"]
[White "Omariev, Maksim"]
[Black "Kurukin, Dmitry"]
[Result "1-0"]
[WhiteElo "2311"]
[BlackElo "2258"]
[PlyCount "73"]
[EventDate "2010.08.04"]
[SourceDate "2010.08.04"]

1. Nf3 Nf6 2. c4 g6 3. b3 Bg7 4. Bb2 c5 5. g3 Nc6 6. Bg2 a6 7. O-O O-O 8. d4 d5
9. Na3 dxc4 10. Nxc4 Be6 11. Rc1 cxd4 12. Nxd4 Nxd4 13. Bxd4 Bd5 14. Nb6 Bxg2
15. Kxg2 Rb8 16. Bxf6 Qxb6 17. Bxe7 Rfe8 18. Qd7 Qb5 19. Qxb5 axb5 20. Rc7 Be5
21. Rd7 Ra8 22. a3 Bb2 23. Rxb7 Bxa3 24. b4 Rac8 25. Rd1 Rc4 26. Rdd7 h5 27.
Rxb5 Re4 28. Bc5 Rxe2 29. Rbb7 Bb2 30. Rxf7 Rc2 31. Rfd7 Rce2 32. Rb6 R2e6 33.
Rxe6 Rxe6 34. b5 Re5 35. Rc7 Re2 36. b6 Rc2 37. b7 1-0

[Event "Minsk Open 2010"]
[Site "?"]
[Date "2010.08.10"]
[Round "7.17"]
[White "Zamruk, Aleksandar"]
[Black "Korniyuk, Mariya"]
[Result "1/2-1/2"]
[WhiteElo "2394"]
[BlackElo "2070"]
[PlyCount "81"]
[EventDate "2010.08.04"]
[SourceDate "2010.08.04"]

1. c4 Nf6 2. Nc3 g6 3. g3 Bg7 4. Bg2 O-O 5. e4 d6 6. Nge2 c5 7. O-O Nc6 8. a3
Bg4 9. f3 Bd7 10. Rb1 Qc8 11. d3 a6 12. Bg5 e6 13. Qd2 Rb8 14. Kh1 b5 15. cxb5
axb5 16. b4 Qa6 17. Bf4 e5 18. Bg5 Rfc8 19. f4 Ne8 20. f5 f6 21. Be3 Nd4 22.
Nd5 Rd8 23. Qa2 Kf8 24. g4 g5 25. Rfc1 Rdc8 26. Rc3 Bc6 27. Rbc1 Bxd5 28. exd5
Nxe2 29. Qxe2 cxb4 30. Rxc8 Rxc8 31. Rxc8 Qxc8 32. axb4 Kf7 33. Be4 Bf8 34. h4
h6 35. Kg2 Qc3 36. Qd2 Qxd2+ 37. Bxd2 Nc7 38. hxg5 hxg5 39. Kf3 Be7 40. d4 Ke8
41. Be3 1/2-1/2

[Event "Minsk Open 2010"]
[Site "?"]
[Date "2010.08.10"]
[Round "7.18"]
[White "Shulakova, Svetlana"]
[Black "Aliavdin, Nikolai"]
[Result "0-1"]
[WhiteElo "2192"]
[BlackElo "2367"]
[PlyCount "68"]
[EventDate "2010.08.04"]
[SourceDate "2010.08.04"]

1. d4 Nf6 2. c4 c5 3. d5 e5 4. Nc3 d6 5. e4 Be7 6. Bd3 Nbd7 7. Nf3 O-O 8. O-O
Ne8 9. h3 g6 10. Bh6 Ng7 11. Ne1 Bg5 12. Bxg5 Qxg5 13. Nb5 Qe7 14. a3 a6 15.
Nc3 f5 16. exf5 gxf5 17. f4 exf4 18. Rxf4 Ne5 19. Be2 Ng6 20. Rf2 f4 21. Bg4
Nf5 22. Bxf5 Bxf5 23. Re2 Ne5 24. b3 Qg7 25. Kh1 Rf6 26. Nf3 Nxf3 27. gxf3 Rh6
28. Rg2 Rxh3+ 29. Kg1 Rg3 30. Qd2 Bh3 31. Rxg3 Qxg3+ 32. Kh1 Qxf3+ 33. Kh2 Qg3+
34. Kh1 Bg4 0-1

[Event "Minsk Open 2010"]
[Site "?"]
[Date "2010.08.10"]
[Round "7.19"]
[White "Daulyte, Deimante"]
[Black "Turebayeva, Alfiya"]
[Result "1/2-1/2"]
[WhiteElo "2333"]
[BlackElo "2162"]
[PlyCount "55"]
[EventDate "2010.08.04"]
[SourceDate "2010.08.04"]

1. e4 e5 2. Nf3 Nc6 3. Bb5 Nf6 4. d3 d6 5. c3 g6 6. O-O Bg7 7. Re1 O-O 8. Nbd2
a6 9. Ba4 Nd7 10. Nf1 Nc5 11. Bc2 Ne6 12. Ne3 b6 13. Nd5 Ne7 14. Nxe7+ Qxe7 15.
d4 Qf6 16. d5 Nf4 17. Bxf4 Qxf4 18. Qd2 Qxd2 19. Nxd2 Bd7 20. Bd1 f5 21. Rc1
Bf6 22. Rc2 Be7 23. c4 f4 24. b4 a5 25. a3 axb4 26. axb4 Ra3 27. Be2 Ra4 28.
Rb1 1/2-1/2

[Event "Minsk Open 2010"]
[Site "?"]
[Date "2010.08.10"]
[Round "7.20"]
[White "Agrafenin, Andrey"]
[Black "Kholopov, Alexander A"]
[Result "0-1"]
[WhiteElo "2071"]
[BlackElo "2315"]
[PlyCount "76"]
[EventDate "2010.08.04"]
[SourceDate "2010.08.04"]

1. c4 c5 2. Nf3 Nf6 3. d4 cxd4 4. Nxd4 e5 5. Nb5 d5 6. cxd5 Bc5 7. e3 O-O 8.
N5c3 e4 9. Nd2 Bf5 10. Qb3 Qe7 11. Be2 a6 12. Nf1 b5 13. Ng3 Bg6 14. Bd2 Nbd7
15. O-O-O h5 16. Kb1 h4 17. Nf1 Bd6 18. Rc1 Nc5 19. Qd1 Rfb8 20. Ka1 Qe8 21.
Be1 a5 22. Nb1 a4 23. Na3 Nd3 24. Bxd3 exd3 25. Nb1 b4 26. Nfd2 a3 27. Nb3 Be5
28. Nd4 Bxd4 29. exd4 Qe4 30. Qb3 Qxd4 31. Nd2 Ne4 32. Rc4 axb2+ 33. Qxb2 Qxd5
34. Rd4 Rxa2+ 35. Qxa2 Qxd4+ 36. Qb2 Nc3 37. Qb3 Ra8+ 38. Kb2 Ne2+ 0-1

[Event "Minsk Open 2010"]
[Site "?"]
[Date "2010.08.11"]
[Round "8.2"]
[White "Zhigalko, Andrey"]
[Black "Lintchevski, Daniil"]
[Result "1/2-1/2"]
[WhiteElo "2591"]
[BlackElo "2507"]
[PlyCount "42"]
[EventDate "2010.08.04"]
[SourceDate "2010.08.04"]

1. e4 c5 2. Nf3 g6 3. d4 cxd4 4. Nxd4 Nc6 5. c4 Nf6 6. Nc3 d6 7. Be2 Nxd4 8.
Qxd4 Bg7 9. O-O O-O 10. Qe3 a5 11. Rd1 Bd7 12. c5 Re8 13. Qg3 Qc8 14. Be3 Bc6
15. Rac1 dxc5 16. e5 Nh5 17. Bxh5 gxh5 18. Nd5 Bxd5 19. Rxd5 b6 20. Bh6 Qg4 21.
Bxg7 Kxg7 1/2-1/2

[Event "Minsk Open 2010"]
[Site "?"]
[Date "2010.08.11"]
[Round "8.4"]
[White "Glidzhain, Gor"]
[Black "Prizant, Jaroslav"]
[Result "0-1"]
[WhiteElo "2369"]
[BlackElo "2489"]
[PlyCount "120"]
[EventDate "2010.08.04"]
[SourceDate "2010.08.04"]

1. e4 e6 2. d3 d5 3. Qe2 c5 4. Nf3 Nc6 5. g3 Nf6 6. Bg2 Be7 7. e5 Nd7 8. O-O b5
9. Nbd2 a5 10. Re1 b4 11. Nf1 a4 12. h4 Ba6 13. Ne3 O-O 14. h5 Ra7 15. Ng4 b3
16. c3 c4 17. axb3 cxd3 18. Qd1 axb3 19. Be3 Ra8 20. Qxb3 Qb8 21. Qxb8 Rfxb8
22. b4 Bd8 23. Bf1 Bc7 24. Rxa6 Rxa6 25. b5 Rxb5 26. Bxd3 Rba5 27. Bxa6 Rxa6
28. Bd4 h6 29. Rb1 Na5 30. Kg2 Kf8 31. Nd2 Ke7 32. f4 Nc6 33. Nf3 Ra2+ 34. Kh3
Ra3 35. Kg2 Ba5 36. Rc1 Bb6 37. Rb1 Ba5 38. Rc1 Kd8 39. Nf2 Nb6 40. g4 Na4 41.
c4 Rxf3 42. Kxf3 Nxd4+ 43. Kg2 Nb3 44. Rc2 d4 45. Kf3 Nbc5 46. Ra2 Bb4 47. g5
Be1 48. gxh6 gxh6 49. Ng4 d3 50. Nxh6 d2 51. Nxf7+ Ke7 52. Rxd2 Bxd2 53. Nd6
Nd7 54. Ne4 Bc1 55. h6 Nf8 56. h7 Nxh7 57. c5 Nf8 58. c6 Ng6 59. Nd6 Nb6 60.
Ke4 Bxf4 0-1

[Event "Minsk Open 2010"]
[Site "?"]
[Date "2010.08.11"]
[Round "8.5"]
[White "Bulanov, Dmitri"]
[Black "Omariev, Maksim"]
[Result "0-1"]
[WhiteElo "2379"]
[BlackElo "2311"]
[PlyCount "80"]
[EventDate "2010.08.04"]
[SourceDate "2010.08.04"]

1. e4 c5 2. Nf3 d6 3. d4 cxd4 4. Nxd4 Nf6 5. Nc3 a6 6. Be3 e6 7. g4 e5 8. Nf5
g6 9. g5 gxf5 10. gxf6 d5 11. exf5 d4 12. Bc4 Qc7 13. Qd3 dxe3 14. O-O-O exf2
15. Bxf7+ Kxf7 16. Qd5+ Kxf6 17. Ne4+ Ke7 18. Nd6 Bh6+ 19. Kb1 Kf6 20. Rhf1 Rf8
21. Rxf2 Nc6 22. Rg1 Nb4 23. Ne4+ Ke7 24. Qb3 Qb6 25. f6+ Rxf6 26. Nxf6 Qxf2
27. Ng8+ Kd8 28. Rd1+ Kc7 29. Qxb4 Bf8 30. Qc4+ Kb6 31. a4 Ka7 32. Rf1 Qc5 33.
Qf7 Bh3 34. Rf3 Bg2 35. Rc3 Qg1+ 36. Ka2 Qd4 37. Nf6 Qxa4+ 38. Kb1 Rd8 39. Qh5
Qf4 40. Nxh7 Bb4 0-1